00646nam a2200205 450000500170000001000150001702000260003203500140005803700090007208200080008110000180008924500980010726000400020527000740024530000200031970000330033970000290037270000240040170000150042520250617113544.0 aENG-145409 a9789361636691c370.00 aEN-128941 bDBAD a657 aAnirudhan, B. aDigital Transformation in Marketing technology and Industrial Trends/cB. Anirudhan...[et.al] aMaduraibShanlax Publicationsc2024 a61,66 Vasantha Nagar bMaduraie625003mshanlaxpublications@gmail.com a139p.c24cm(Pb) aM. Shanthana LakshmieAuthor aK. RajarajeswarieAuthor aR. MahadevieAuthor aS. Shanthi